000 00276nam a2200097Ia 4500
082 _a617.412 HYDE
245 0 _aUnderstanding heart surgery
100 _a HYDE, Jonathan A J. Poole, Dorset, 2003
_996533
942 _cBK
008 210817s9999 xx 000 0 und d
999 _c405882
_d405881